| 000 | 00786 a2200277 4500 | ||
|---|---|---|---|
| 001 | 200419281 | ||
| 999 |
_c200419281 _d8989 |
||
| 003 | TR-AnTOB | ||
| 005 | 20190405164444.0 | ||
| 008 | 160507d20139999tu zn0p 0 0 d | ||
| 022 | _a2147-9283 | ||
| 040 | _aTR-AnTOB | ||
| 041 | _atur | ||
| 099 | _aJOURNAL - GÜMR Tİ | ||
| 245 | 0 | 0 | _aGümrük & ticaret dergisi. |
| 246 | 2 | 3 | _aGümrük ve ticaret dergisi |
| 264 | 1 |
_aAnkara: _bGümrük ve Ticaret Müfettişleri Derneği, _c2013- |
|
| 300 |
_avolumes : _billustrations (chiefly color) ; _c24 cm. |
||
| 310 | _aQuarterly. | ||
| 336 |
_atext _2rdacontent |
||
| 337 |
_aunmediated _2rdamedia |
||
| 338 |
_avolume _2rdacarrier |
||
| 650 | 0 |
_aCommerce _vPeriodicals _925134 |
|
| 650 | 0 |
_aTicaret _vSüreli yayınlar _925132 |
|
| 942 | _cCR | ||